[Event "TCh-HUN 2024-25"]
[Site "Hungary HUN"]
[Date "2025.05.10"]
[Round "8.7"]
[White "Csonka, Attila Istvan"]
[Black "Kaczur, Florian"]
[Result "1/2-1/2"]
[WhiteTitle "IM"]
[BlackTitle "IM"]
[WhiteElo "2271"]
[BlackElo "2509"]
[WhiteTeam "Haladas VSE"]
[BlackTeam "ASE Paks"]
[WhiteFideId "716529"]
[BlackFideId "705098"]
[EventDate "2024.11.02"]

1. e4 c6 2. d4 d5 3. Nc3 g6 4. Nf3 Bg7 5. e5 f6 6. exf6 Nxf6 7. h3 O-O 8. Bg5
Bf5 9. Bxf6 exf6 10. Bd3 Be6 11. O-O Bh6 12. Re1 Qd6 13. Ne2 a5 14. c3 Na6 15.
Ng3 Nc7 16. Nh2 Bf7 17. Ng4 Bg5 18. Qf3 Kh8 19. Nf1 h5 20. Nge3 Rfe8 21. h4 Bxe3
22. Rxe3 Kg7 23. Rae1 Rxe3 24. Rxe3 Ne6 25. Ng3 Qf4 26. Ne2 Qxh4 27. g3 Qg5 28.
Qg2 Re8 29. Qh3 f5 30. Kf1 c5 31. f4 Qf6 32. Re5 cxd4 33. cxd4 Nd8 34. Qh4 Nc6
35. Qxf6+ Kxf6 36. Rxe8 Bxe8 37. Bb5 g5 38. Kf2 g4 39. Nc1 Ke7 40. Bxc6 Bxc6 41.
Nd3 Bb5 42. Ne5 Be8 43. Ke3 Kd6 44. Kd2 Kc7 1/2-1/2

[Event "TCh-HUN 2024-25"]
[Site "Hungary HUN"]
[Date "2025.05.10"]
[Round "8.8"]
[White "Krstulovic, Alex"]
[Black "Balint, Peter"]
[Result "1-0"]
[WhiteTitle "IM"]
[BlackTitle "FM"]
[WhiteElo "2439"]
[BlackElo "2393"]
[WhiteTeam "ASE Paks"]
[BlackTeam "Haladas VSE"]
[WhiteFideId "760056"]
[BlackFideId "1660713"]
[EventDate "2024.11.02"]

1. d4 Nf6 2. c4 e6 3. Nc3 Bb4 4. e3 O-O 5. a3 Bxc3+ 6. bxc3 c5 7. Bd3 Nc6 8. Ne2
b6 9. e4 Ne8 10. O-O Ba6 11. f4 f5 12. dxc5 bxc5 13. Be3 d6 14. Ng3 g6 15. exf5
exf5 16. Re1 Qc7 17. Bf2 Nf6 18. Nf1 Bb7 19. Ra2 Qf7 20. Ne3 Nd8 21. Bh4 Ne6 22.
Bxf5 gxf5 23. Nxf5 Qd7 24. Qxd6 Qxd6 25. Nxd6 Nd8 26. Rae2 Bc6 27. Re7 Ba4 28.
R1e5 Rb8 29. h3 Bc2 30. Rg5+ Kh8 31. Rxc5 Ng8 32. Rd7 Ne6 33. Re5 Nxf4 34. Bg3
Bg6 35. Kh2 Rb2 36. Bxf4 Rxf4 37. c5 Rff2 38. Rg5 Rf8 39. c6 Nf6 40. Rb7 Ne4 41.
Rxb2 Nxd6 42. Rd5 Nc8 43. c7 Kg7 44. Rd7+ Bf7 45. Rf2 Nb6 46. Rd8 Nc8 47. c4 h5
48. c5 Rg8 49. Rd7 Rf8 50. Kg3 1-0

[Event "TCh-HUN 2024-25"]
[Site "Hungary HUN"]
[Date "2025.05.10"]
[Round "8.9"]
[White "Lakos, Nikoletta"]
[Black "Bodrogi, Bendeguz"]
[Result "0-1"]
[WhiteTitle "WGM"]
[BlackTitle "FM"]
[WhiteElo "2184"]
[BlackElo "2358"]
[WhiteTeam "Haladas VSE"]
[BlackTeam "ASE Paks"]
[WhiteFideId "705128"]
[BlackFideId "790303"]
[EventDate "2024.11.02"]

1. e4 c6 2. Nf3 d5 3. d3 Qc7 4. h3 e5 5. d4 dxe4 6. Nxe5 Nd7 7. Qe2 Ngf6 8. Nd2
Nxe5 9. Nxe4 Be6 10. dxe5 Qxe5 11. Nxf6+ Qxf6 12. Qe3 h6 13. Bc4 Bb4+ 14. c3 O-O
15. Bxe6 Rfe8 16. O-O Rxe6 17. Qf4 Bc5 18. Qxf6 Rxf6 19. Be3 Bxe3 20. fxe3 Rd6
21. Rf2 Rad8 22. Re1 f6 23. g4 Kf7 24. Kg2 Ke6 25. Kg3 Rd5 26. Kf4 h5 27. c4 Re5
28. Rg2 hxg4 29. hxg4 Rh8 30. Kg3 Rg5 31. e4 Rd8 32. Re3 Rd1 33. Rb3 b6 34. Ra3
Rd4 35. Kf4 Rc5 36. Rxa7 g5+ 37. Kf3 Rcxc4 38. Rc7 Rd3+ 39. Ke2 Rh3 40. Kd2 Rf3
41. Ke2 Rf4 42. Kd3 Kd6 43. Rf7 Kc5 44. Re7 Kd6 45. Re8 Rb4 46. Rf8 c5 47. Re2
Ke7 48. Rb8 Rxg4 49. e5 f5 50. a3 Rbd4+ 51. Kc3 Rge4 52. Rh2 Ke6 53. Re8+ Kd5
54. Rh5 Re3+ 55. Kc2 Rg4 56. Rh6 Rg2+ 57. Kb1 Rxe5 58. Rd8+ Ke4 59. Rxb6 f4 60.
a4 f3 61. Rf6 c4 62. Rc8 f2 63. Rxc4+ Kd5 64. Rc2 Rg1+ 65. Rc1 Rxc1+ 66. Kxc1
Re1+ 0-1

[Event "TCh-HUN 2024-25"]
[Site "Hungary HUN"]
[Date "2025.05.10"]
[Round "8.10"]
[White "Papp, Petra"]
[Black "Csontos, Aron"]
[Result "1/2-1/2"]
[WhiteTitle "WGM"]
[WhiteElo "2239"]
[BlackElo "2224"]
[WhiteTeam "ASE Paks"]
[BlackTeam "Haladas VSE"]
[WhiteFideId "739049"]
[BlackFideId "17004420"]
[EventDate "2024.11.02"]

1. e4 e5 2. Nf3 Nc6 3. Bb5 a6 4. Ba4 Nf6 5. O-O Nxe4 6. d4 Be7 7. Re1 b5 8. Rxe4
d5 9. Nxe5 Nxe5 10. Rxe5 bxa4 11. b3 O-O 12. Ba3 Bxa3 13. Nxa3 Be6 14. Nb1 c5
15. dxc5 Qa5 16. Qd4 Rab8 17. Qc3 Qc7 18. Nd2 Rfc8 19. Nf3 Qxc5 20. Qxc5 Rxc5
21. Nd4 Rbc8 22. f3 g6 23. Rd1 a3 24. g4 Rxc2 25. Nxc2 Rxc2 26. Rdxd5 Bxd5 27.
Rxd5 Rxa2 28. Ra5 Rb2 29. Rxa3 g5 30. Rxa6 Rxb3 31. Kg2 Kg7 1/2-1/2

[Event "TCh-HUN 2024-25"]
[Site "Hungary HUN"]
[Date "2025.05.10"]
[Round "8.1"]
[White "Gledura, Benjamin"]
[Black "Mihok, Oliver"]
[Result "1-0"]
[WhiteTitle "GM"]
[BlackTitle "GM"]
[WhiteElo "2652"]
[BlackElo "2522"]
[WhiteTeam "Tuxera ANSK"]
[BlackTeam "Duocor-Makoi SVSE"]
[WhiteFideId "712779"]
[BlackFideId "728012"]
[EventDate "2024.11.02"]

1. c4 Nf6 2. Nc3 g6 3. d4 Bg7 4. e4 d6 5. Be2 e5 6. dxe5 dxe5 7. Qxd8+ Kxd8 8.
f4 Be6 9. Nf3 Nc6 10. O-O Nd4 11. Rd1 Nd7 12. Nxe5 Bxe5 13. fxe5 Nxe2+ 14. Nxe2
Kc8 15. Nd4 Re8 16. Bf4 a5 17. Nxe6 Rxe6 18. Rd5 c6 19. Rd6 Nc5 20. Rad1 Rxd6
21. exd6 Nxe4 22. d7+ Kd8 23. Rd4 f5 24. c5 h5 25. h4 Ke7 26. Bc7 Rd8 27. Bxd8+
Kxd8 28. Kf1 Nxc5 29. Rd6 Na4 30. Rxg6 Nxb2 31. Rg5 Nc4 32. Rxh5 b5 33. Ke2 Nd6
34. Rh6 Kxd7 35. h5 Ne4 36. Rg6 Ke7 37. h6 Nf6 38. h7 1-0

[Event "TCh-HUN 2024-25"]
[Site "Hungary HUN"]
[Date "2025.05.10"]
[Round "8.2"]
[White "Csonka, Balazs"]
[Black "Grigoriants, Sergey"]
[Result "1/2-1/2"]
[WhiteTitle "IM"]
[BlackTitle "GM"]
[WhiteElo "2473"]
[BlackElo "2531"]
[WhiteTeam "Duocor-Makoi SVSE"]
[BlackTeam "Tuxera ANSK"]
[WhiteFideId "742910"]
[BlackFideId "4130804"]
[EventDate "2024.11.02"]

1. e4 e5 2. Nf3 Nc6 3. Bc4 Bc5 4. O-O Nf6 5. d3 O-O 6. c3 d5 7. exd5 Nxd5 8. a4
a5 9. Nbd2 Nb6 10. Bb5 Bd6 11. Re1 Bg4 12. Ne4 Na7 13. h3 Bh5 14. d4 Nxb5 15.
axb5 exd4 16. Nxd6 Qxd6 17. Qxd4 Qxd4 18. Nxd4 Bg6 19. Bf4 Rfc8 20. Bg3 a4 21.
Re7 Nc4 22. b3 axb3 23. Rxa8 Rxa8 24. Nxb3 Rc8 25. Rxc7 Rxc7 26. Bxc7 b6 27. Kf1
Bd3+ 28. Ke1 Kf8 29. h4 Ke7 30. Nd2 Nxd2 31. Kxd2 Bxb5 32. Bxb6 1/2-1/2

[Event "TCh-HUN 2024-25"]
[Site "Hungary HUN"]
[Date "2025.05.10"]
[Round "8.3"]
[White "Yuffa, Daniil"]
[Black "Kovacevic, Aleksandar"]
[Result "1/2-1/2"]
[WhiteTitle "GM"]
[BlackTitle "GM"]
[WhiteElo "2631"]
[BlackElo "2447"]
[WhiteTeam "Tuxera ANSK"]
[BlackTeam "Duocor-Makoi SVSE"]
[WhiteFideId "24131423"]
[BlackFideId "903124"]
[EventDate "2024.11.02"]

1. d4 Nf6 2. c4 e6 3. Nf3 d5 4. g3 dxc4 5. Bg2 Nc6 6. O-O Rb8 7. Be3 Nd5 8. Qc1
Be7 9. Qxc4 O-O 10. Bd2 Nb6 11. Qd3 e5 12. Nxe5 Nxd4 13. Bc3 c5 14. Nd2 Bf6 15.
Bxd4 Qxd4 16. Qxd4 cxd4 17. Nd3 Bf5 18. Ne4 Bxe4 19. Bxe4 Rfe8 20. Bf3 Nc4 21.
Rfc1 Ne5 22. Rc7 Nxf3+ 23. exf3 Bd8 24. Rc2 Bb6 25. Rac1 Rbd8 26. f4 Rd5 27. g4
f6 28. Kg2 Kf7 29. h3 Ra5 30. a3 Rd5 31. Kf3 a5 32. a4 Rd6 33. f5 g6 34. fxg6+
hxg6 35. Rc8 Rdd8 36. Rxd8 Rxd8 37. h4 Rh8 38. Rh1 Bc7 39. Ke4 Re8+ 40. Kxd4
Bb6+ 41. Kc3 Re4 42. f3 Rxa4 43. h5 Kg7 44. hxg6 Kxg6 45. Re1 Kf7 46. Rh1 Kg7
47. Rh5 Be3 48. Rd5 Kg6 49. Ne1 b6 50. Nc2 Bc5 51. Rf5 Bd6 52. Kb3 Rf4 53. Rxf4 1/2-1/2

[Event "TCh-HUN 2024-25"]
[Site "Hungary HUN"]
[Date "2025.05.10"]
[Round "8.4"]
[White "Saric, Sinisa"]
[Black "Kantor, Gergely"]
[Result "0-1"]
[WhiteTitle "IM"]
[BlackTitle "GM"]
[WhiteElo "2370"]
[BlackElo "2554"]
[WhiteTeam "Duocor-Makoi SVSE"]
[BlackTeam "Tuxera ANSK"]
[WhiteFideId "925071"]
[BlackFideId "751499"]
[EventDate "2024.11.02"]

1. d4 Nf6 2. Nf3 b6 3. Bg5 Bb7 4. Nbd2 g6 5. Bxf6 exf6 6. e4 Bg7 7. Bd3 O-O 8.
O-O d5 9. exd5 Bxd5 10. Re1 f5 11. Bc4 Bb7 12. c3 Nd7 13. Qc2 c5 14. dxc5 Nxc5
15. Rad1 Qc7 16. Nd4 Rad8 17. N2f3 a6 18. Bf1 Bh6 19. Nd2 b5 20. Be2 Ne4 21.
N2b3 Bf4 22. g3 Ng5 23. Bf1 Be5 24. f4 Rxd4 25. fxg5 Rg4 26. Bg2 Bxg2 27. Qxg2
Bxg3 28. hxg3 Rxg3 29. Rd4 Rxg2+ 30. Kxg2 Rd8 31. Re2 Kg7 32. Re1 a5 33. Red1
Re8 34. R1d2 Re3 35. Rf2 Qg3+ 0-1

[Event "TCh-HUN 2024-25"]
[Site "Hungary HUN"]
[Date "2025.05.10"]
[Round "8.5"]
[White "Antal, Gergely"]
[Black "Hujbert, Florian"]
[Result "0-1"]
[WhiteTitle "GM"]
[BlackTitle "IM"]
[WhiteElo "2543"]
[BlackElo "2423"]
[WhiteTeam "Tuxera ANSK"]
[BlackTeam "Duocor-Makoi SVSE"]
[WhiteFideId "717312"]
[BlackFideId "730165"]
[EventDate "2024.11.02"]

1. e4 c5 2. Nf3 Nc6 3. Bb5 d6 4. O-O Bd7 5. Re1 a6 6. Bf1 Bg4 7. c3 e6 8. d4
Bxf3 9. gxf3 Qh4 10. b4 Be7 11. b5 axb5 12. Bxb5 Kf8 13. Be3 Nf6 14. Kh1 d5 15.
e5 Nd7 16. Rg1 c4 17. Nd2 f5 18. Nxc4 dxc4 19. Bxc4 Ndxe5 20. Bxe6 f4 21. dxe5
fxe3 22. fxe3 Rd8 23. Bd5 Nxe5 24. Rb1 h5 25. Rb5 Rh6 26. Qd4 Qf6 27. Qe4 b6 28.
a4 Nd7 29. a5 bxa5 30. Rxa5 Nc5 31. Qc4 Qd6 32. Ra8 Rxa8 33. Bxa8 Re6 34. Qd4
Bf6 35. Qxd6+ Rxd6 36. Rb1 Rd3 37. c4 Rxe3 38. Bd5 Re2 39. Rb8+ Ke7 40. Rc8 Nd3
41. Bc6 Nf4 42. Re8+ Kd6 43. Rxe2 Nxe2 44. Be4 Nf4 45. Kg1 Bd4+ 46. Kf1 Kc5 0-1

[Event "TCh-HUN 2024-25"]
[Site "Hungary HUN"]
[Date "2025.05.10"]
[Round "8.6"]
[White "Horvath, Zsolt"]
[Black "Markus, Robert"]
[Result "1/2-1/2"]
[WhiteTitle "FM"]
[BlackTitle "GM"]
[WhiteElo "2378"]
[BlackElo "2592"]
[WhiteTeam "Duocor-Makoi SVSE"]
[BlackTeam "Tuxera ANSK"]
[WhiteFideId "723070"]
[BlackFideId "921637"]
[EventDate "2024.11.02"]

1. e4 e6 2. d4 d5 3. exd5 exd5 4. Nf3 Bd6 5. Bd3 h6 6. h3 Qf6 7. O-O Ne7 8. Re1
O-O 9. c3 Ng6 10. Be3 Bf5 11. Bxf5 Qxf5 12. Nbd2 Nc6 13. Qb1 Qxb1 14. Raxb1 f5
15. Nb3 Rae8 16. Nc1 f4 17. Bd2 Re4 18. Nd3 Nge7 19. Rbd1 g5 20. Bc1 Ng6 21. Kf1
b6 22. b3 Nce7 23. c4 c6 24. Bb2 Nf5 25. Rc1 Rxe1+ 26. Rxe1 dxc4 27. bxc4 Rd8
28. c5 Bf8 29. Re6 Nge7 30. Nde5 bxc5 31. dxc5 Rd5 32. Nxc6 Nxc6 33. Rxc6 Rxc5
34. Rxc5 Bxc5 35. Ke2 Kf7 36. h4 Kg6 37. hxg5 hxg5 38. Ne5+ Kh5 39. Nd7 Bd6 1/2-1/2

[Event "TCh-HUN 2024-25"]
[Site "Hungary HUN"]
[Date "2025.05.10"]
[Round "8.7"]
[White "Horvath, Dominik"]
[Black "Szalai, Kornel"]
[Result "1-0"]
[WhiteTitle "GM"]
[BlackTitle "IM"]
[WhiteElo "2541"]
[BlackElo "2370"]
[WhiteTeam "Tuxera ANSK"]
[BlackTeam "Duocor-Makoi SVSE"]
[WhiteFideId "1642561"]
[BlackFideId "724378"]
[EventDate "2024.11.02"]

1. e4 c5 2. Nf3 e6 3. c3 d5 4. e5 Nc6 5. d4 Bd7 6. Be2 Qb6 7. O-O Nh6 8. dxc5
Bxc5 9. b4 Be7 10. Na3 Ng4 11. Bf4 a5 12. bxa5 Nxa5 13. Rb1 Qc5 14. Nb5 O-O 15.
Nfd4 Nh6 16. Be3 Bxb5 17. Nxb5 Qc6 18. Bxh6 gxh6 19. Bd3 Kh8 20. Qh5 f5 21. Rbc1
Qd7 22. Nd4 Bc5 23. Bb5 Qe7 24. Qxh6 Bxd4 25. cxd4 Rf7 26. Rc3 f4 27. Rfc1 Rg8
28. g3 fxg3 29. hxg3 Nc4 30. Bxc4 Rg6 31. Qe3 dxc4 32. Rxc4 h5 33. Qe2 Qg5 34.
Rc8+ Kg7 35. R1c7 Qf5 36. Rxf7+ Qxf7 37. Qc2 Qf3 38. Qc7+ 1-0

[Event "TCh-HUN 2024-25"]
[Site "Hungary HUN"]
[Date "2025.05.10"]
[Round "8.8"]
[White "Tatar Kis, Szabolcs"]
[Black "Medvegy, Zoltan"]
[Result "0-1"]
[WhiteTitle "IM"]
[BlackTitle "GM"]
[WhiteElo "2324"]
[BlackElo "2514"]
[WhiteTeam "Duocor-Makoi SVSE"]
[BlackTeam "Tuxera ANSK"]
[WhiteFideId "702595"]
[BlackFideId "708402"]
[EventDate "2024.11.02"]

1. Nf3 d5 2. c4 d4 3. g3 c5 4. e3 Nc6 5. exd4 cxd4 6. Bg2 e5 7. O-O Nf6 8. d3
Nd7 9. a3 a5 10. Nh4 g5 11. Bxc6 bxc6 12. Nf3 Be7 13. Re1 f6 14. Nbd2 O-O 15. h4
g4 16. Nh2 Nc5 17. Ne4 Nxe4 18. Rxe4 h5 19. f4 Bf5 20. Re2 Bd6 21. Rf2 Qd7 22.
fxe5 fxe5 23. Bh6 Rf7 24. Qd2 Be7 25. Raf1 Kh7 26. Bg5 Bf8 27. Qe1 Bg7 28. Bd2
a4 29. Bb4 Kg8 30. Qd2 Qe6 31. Qg5 Bg6 32. Rxf7 Bxf7 33. Be7 Qg6 34. Rf5 Qxg5
35. Rxg5 Kh7 36. Bd6 Re8 37. Kf1 0-1

[Event "TCh-HUN 2024-25"]
[Site "Hungary HUN"]
[Date "2025.05.10"]
[Round "8.9"]
[White "Palczert, Matyas"]
[Black "Terbe, Julianna"]
[Result "1-0"]
[WhiteTitle "FM"]
[BlackTitle "WIM"]
[WhiteElo "2359"]
[BlackElo "2225"]
[WhiteTeam "Tuxera ANSK"]
[BlackTeam "Duocor-Makoi SVSE"]
[WhiteFideId "784958"]
[BlackFideId "708780"]
[EventDate "2024.11.02"]

1. e4 e5 2. Nf3 Nf6 3. d4 Nxe4 4. Bd3 Nc6 5. Nxe5 Nxe5 6. dxe5 Nc5 7. Bc4 d6 8.
Qf3 Ne6 9. exd6 Bxd6 10. Nc3 Qe7 11. Be3 Nd4 12. Qxf7+ Qxf7 13. Bxf7+ Kxf7 14.
Bxd4 Re8+ 15. Be3 c6 16. O-O-O Be5 17. Bd4 Bf4+ 18. Kb1 Bf5 19. h3 b5 20. g4 Be6
21. Rhe1 Rad8 22. b3 b4 23. Ne4 a5 24. f3 h6 25. Bb6 Rb8 26. Be3 Bc7 27. Bf2 Bd5
28. c4 bxc3 29. Nxc3 Rxe1 30. Bxe1 Be6 31. Bd2 g5 32. Kc2 Kg6 33. Re1 Kf7 34.
Re4 Bd8 35. f4 Ra8 36. f5 Bd7 37. Rd4 Ra7 38. Rd6 h5 39. Ne4 hxg4 40. hxg4 a4
41. Be3 1-0

[Event "TCh-HUN 2024-25"]
[Site "Hungary HUN"]
[Date "2025.05.10"]
[Round "8.10"]
[White "Meszaros-Csonka, David"]
[Black "Gara, Anita"]
[Result "0-1"]
[BlackTitle "IM"]
[WhiteElo "1936"]
[BlackElo "2343"]
[WhiteTeam "Duocor-Makoi SVSE"]
[BlackTeam "Tuxera ANSK"]
[WhiteFideId "17012775"]
[BlackFideId "709751"]
[EventDate "2024.11.02"]

1. d4 d5 2. Bg5 f6 3. Bf4 c5 4. e3 Nc6 5. c3 e5 6. dxe5 fxe5 7. Bg3 Nf6 8. Bb5
Bd6 9. e4 d4 10. Nd2 O-O 11. Ngf3 Qe7 12. O-O Bg4 13. Re1 Kh8 14. a4 Na5 15. h3
Bh5 16. Bh2 a6 17. Be2 Bg6 18. Bf1 Nh5 19. Rb1 Nc6 20. Qb3 Rad8 21. Qb6 Rc8 22.
Rbc1 Bb8 23. cxd4 Ba7 24. Qb3 cxd4 25. Nc4 Nf4 26. Bxf4 exf4 27. Nb6 Rcd8 28.
Nc4 Bh5 29. Rcd1 b5 30. axb5 axb5 31. Na3 Bxf3 32. Qxf3 Ne5 33. Qb3 f3 34. g3
Bc5 35. Bd3 Qd7 36. Kh2 Rf6 37. h4 Rh6 38. Rh1 Rxh4+ 39. gxh4 Qg4 40. Bf1 Qxh4+
41. Kg1 Qg5+ 42. Kh2 Ng4+ 0-1

[Event "TCh-HUN 2024-25"]
[Site "Hungary HUN"]
[Date "2025.05.10"]
[Round "8.1"]
[White "Plat, Vojtech"]
[Black "Perunovic, Milos"]
[Result "1/2-1/2"]
[WhiteTitle "GM"]
[BlackTitle "GM"]
[WhiteElo "2464"]
[BlackElo "2508"]
[WhiteTeam "Viadukt Biatorbagy"]
[BlackTeam "Maroczy SE"]
[WhiteFideId "325740"]
[BlackFideId "921629"]
[EventDate "2024.11.02"]

1. e4 c5 2. c3 d5 3. exd5 Qxd5 4. d4 g6 5. Nf3 Bg7 6. Na3 cxd4 7. Bc4 Qe4+ 8.
Be3 Nh6 9. Bd3 Qd5 10. Bc4 Qe4 11. Bd3 Qd5 12. Bc4 Qe4 13. Bd3 1/2-1/2

[Event "TCh-HUN 2024-25"]
[Site "Hungary HUN"]
[Date "2025.05.10"]
[Round "8.2"]
[White "Stankovic, Milos"]
[Black "Mazur, Stefan"]
[Result "1/2-1/2"]
[WhiteTitle "IM"]
[BlackTitle "IM"]
[WhiteElo "2471"]
[BlackElo "2412"]
[WhiteTeam "Maroczy SE"]
[BlackTeam "Viadukt Biatorbagy"]
[WhiteFideId "938190"]
[BlackFideId "14909332"]
[EventDate "2024.11.02"]

1. e4 e5 2. Nf3 Nc6 3. Nc3 Nf6 4. Bb5 Nd4 5. Nxd4 exd4 6. e5 dxc3 7. exf6 Qxf6
8. dxc3 Bc5 9. O-O O-O 10. Bxd7 Bxd7 11. Qxd7 Rad8 12. Qg4 Rfe8 13. Be3 Bxe3 14.
fxe3 Qb6 15. Qf4 Qxe3+ 16. Qxe3 Rxe3 17. Rad1 Rxd1 18. Rxd1 g6 19. Rd8+ Kg7 20.
Rb8 b6 21. Kf2 Re7 22. Rb7 a5 23. c4 Kf6 24. c5 bxc5 25. Rb5 Re5 26. Rxa5 Rf5+
27. Ke2 Ke6 28. Ra3 Rh5 29. Re3+ Kd6 30. h3 Rg5 31. Kf2 c4 32. b4 Rb5 33. c3 c5
34. a3 Rb7 35. Re8 Ra7 36. bxc5+ Kxc5 37. Rc8+ Kd5 38. Rd8+ Kc5 39. Rc8+ Kd5 40.
Rd8+ Kc5 1/2-1/2

[Event "TCh-HUN 2024-25"]
[Site "Hungary HUN"]
[Date "2025.05.10"]
[Round "8.3"]
[White "Sipos, Istvan"]
[Black "Palkovi, Jozsef"]
[Result "1-0"]
[WhiteTitle "IM"]
[BlackTitle "IM"]
[WhiteElo "2454"]
[BlackElo "2376"]
[WhiteTeam "Viadukt Biatorbagy"]
[BlackTeam "Maroczy SE"]
[WhiteFideId "720631"]
[BlackFideId "700150"]
[EventDate "2024.11.02"]

1. d4 Nf6 2. c4 e6 3. Nc3 Bb4 4. e3 c5 5. Bd3 O-O 6. a3 Bxc3+ 7. bxc3 d6 8. Ne2
Nc6 9. e4 e5 10. d5 Ne7 11. f3 Ne8 12. g4 g6 13. h4 f5 14. gxf5 gxf5 15. Bh6 Rf7
16. Kd2 Kh8 17. Qg1 Ng8 18. Bg5 Qc7 19. Qg2 f4 20. h5 h6 21. Bxh6 Nxh6 22. Qg6
Qe7 23. Qxh6+ Rh7 24. Qg6 Rg7 25. Nxf4 exf4 26. Qh6+ Kg8 27. Rag1 Qf8 28. Rg6
Bd7 29. Rhg1 Rxg6 30. Rxg6+ Ng7 31. e5 dxe5 32. Rf6 Qxf6 33. Qxf6 Nxh5 34. Qe7 1-0

[Event "TCh-HUN 2024-25"]
[Site "Hungary HUN"]
[Date "2025.05.10"]
[Round "8.4"]
[White "Peczely, Sebastian Zsombor"]
[Black "Bokros, Albert"]
[Result "1/2-1/2"]
[WhiteTitle "FM"]
[BlackTitle "IM"]
[WhiteElo "2306"]
[BlackElo "2396"]
[WhiteTeam "Maroczy SE"]
[BlackTeam "Viadukt Biatorbagy"]
[WhiteFideId "750964"]
[BlackFideId "710458"]
[EventDate "2024.11.02"]

1. e4 c5 2. Nf3 e6 3. d4 cxd4 4. Nxd4 Nf6 5. Nc3 d6 6. Be3 a6 7. Qd2 b5 8. f3
Bb7 9. O-O-O Nbd7 10. g4 Nb6 11. Qf2 Nfd7 12. Kb1 Be7 13. h4 Rc8 14. Nce2 d5 15.
g5 Qc7 16. Nf4 e5 17. Nfe6 fxe6 18. Nxe6 Qc6 19. Bh3 d4 20. Bxd4 exd4 21. Qxd4
Bf8 22. Rh2 Rg8 23. g6 hxg6 24. Rhd2 Nf6 25. Qe5 Be7 26. Qg5 Bb4 27. Qxg6+ Ke7
28. Nd4 Qc7 29. c3 Bc5 30. Bxc8 Bxc8 31. e5 Bxd4 32. exf6+ Bxf6 33. Re1+ Be6 34.
Rde2 Qc4 35. Rxe6+ Qxe6 36. Rxe6+ Kxe6 37. Qe4+ Kd6 38. Qb7 Bd8 1/2-1/2

[Event "TCh-HUN 2024-25"]
[Site "Hungary HUN"]
[Date "2025.05.10"]
[Round "8.5"]
[White "Vanczak, Tamas"]
[Black "Tesik, Csaba"]
[Result "1/2-1/2"]
[WhiteTitle "IM"]
[BlackTitle "FM"]
[WhiteElo "2413"]
[BlackElo "2290"]
[WhiteTeam "Viadukt Biatorbagy"]
[BlackTeam "Maroczy SE"]
[WhiteFideId "759929"]
[BlackFideId "735582"]
[EventDate "2024.11.02"]

1. e4 e5 2. Nf3 Nc6 3. Bb5 a6 4. Ba4 Nf6 5. d3 d6 6. c3 Be7 7. O-O O-O 8. Re1
Bd7 9. Nbd2 Re8 10. Nf1 Bf8 11. Bg5 h6 12. Bh4 Be7 13. Ne3 Nh7 14. Bg3 Bf8 15.
Bc2 g6 16. d4 exd4 17. cxd4 Bg7 18. Qd2 Ng5 19. Nxg5 hxg5 20. d5 Nd4 21. Bd3 Bb5
22. Rac1 Bxd3 23. Qxd3 Qd7 24. f3 a5 25. h4 gxh4 26. Bxh4 f5 27. Bf2 fxe4 28.
fxe4 a4 29. e5 dxe5 30. Qxg6 Ra6 31. Qe4 Qf7 32. Ng4 Nf5 33. Rc3 Nd6 34. Qc2 Qh5
35. Rg3 Nf5 36. Rf3 Qxg4 37. Qxf5 Qxf5 38. Rxf5 Rd8 39. Rc1 Rxd5 40. Rxc7 Rd1+
41. Kh2 Rh6+ 42. Kg3 Rd3+ 43. Rf3 Rg6+ 44. Kh2 e4 45. Rxd3 exd3 46. Rd7 Be5+ 47.
Kg1 Rc6 48. Be3 Rc2 49. Rxd3 Rxb2 50. Rd5 Bf6 51. Rd6 Be5 1/2-1/2

[Event "TCh-HUN 2024-25"]
[Site "Hungary HUN"]
[Date "2025.05.10"]
[Round "8.6"]
[White "Papp, Bence"]
[Black "Bagi, Mate"]
[Result "0-1"]
[WhiteTitle "FM"]
[BlackTitle "IM"]
[WhiteElo "2244"]
[BlackElo "2425"]
[WhiteTeam "Maroczy SE"]
[BlackTeam "Viadukt Biatorbagy"]
[WhiteFideId "788384"]
[BlackFideId "742570"]
[EventDate "2024.11.02"]

1. d4 Nf6 2. Bf4 b6 3. Nf3 Bb7 4. h3 g6 5. e3 Bg7 6. Be2 O-O 7. O-O d6 8. c4 e6
9. Nc3 Nbd7 10. Rc1 Qe7 11. Bh2 e5 12. c5 bxc5 13. dxe5 dxe5 14. Qc2 Rfd8 15.
Nd2 Nb6 16. Rfd1 Bf8 17. Nb3 Rxd1+ 18. Nxd1 Nbd7 19. Na5 Be4 20. Qd2 Rb8 21. Nc3
Ba8 22. Nb5 Ne4 23. Qc2 Qg5 24. f4 Qh4 25. Bd3 c4 26. Bxe4 Bxe4 27. Qxe4 Rxb5
28. Nxc4 Nf6 29. Qd3 Rd5 30. Qe2 e4 31. Rd1 Bc5 32. Kf1 c6 33. Bg1 Rxd1+ 34.
Qxd1 Nd5 35. Bf2 Qf6 36. Qc2 Qe6 37. Ke2 Nb4 38. Qb3 Nd3 39. Qc3 Qd5 40. a3 Qh5+
41. Kf1 Qd1+ 42. Be1 Be7 43. Qd2 Qb1 44. g3 c5 45. a4 Bf6 46. a5 a6 47. Qe2 Bxb2
48. Nxb2 Qxb2 49. Qxb2 Nxb2 50. Ke2 f5 51. Bc3 Nc4 0-1

[Event "TCh-HUN 2024-25"]
[Site "Hungary HUN"]
[Date "2025.05.10"]
[Round "8.7"]
[White "Torma, Robert"]
[Black "Tubak, Daniel"]
[Result "1/2-1/2"]
[WhiteTitle "IM"]
[WhiteElo "2419"]
[BlackElo "2240"]
[WhiteTeam "Viadukt Biatorbagy"]
[BlackTeam "Maroczy SE"]
[WhiteFideId "719030"]
[BlackFideId "758582"]
[EventDate "2024.11.02"]

1. d4 Nf6 2. c4 e6 3. Nf3 d5 4. g3 Be7 5. Bg2 O-O 6. O-O c6 7. Qc2 b6 8. b3 Nbd7
9. Bb2 Bb7 10. Nc3 c5 11. cxd5 Nxd5 12. Nxd5 Bxd5 13. e4 Bb7 14. Rfd1 Qe8 15. d5
exd5 16. exd5 Bf6 17. Re1 Qd8 18. Rad1 Re8 19. d6 Rb8 20. Rxe8+ Qxe8 21. Bxf6
Nxf6 22. Qc4 Bxf3 23. Bxf3 Rd8 24. Qf4 Qe6 25. Bc6 Kf8 26. Bb5 h6 27. d7 Nd5 28.
Qf3 Nc7 29. Bc4 Qf6 30. Qb7 Ne6 31. Bxe6 Qxe6 32. Qxa7 Qe2 33. Rf1 Qe6 34. Rd1
Qe2 35. Rf1 Qe6 36. Rd1 Qe2 1/2-1/2